Practice Direction – Cases in the Property Chamber under Part 4A of the Electronic Communications Code (Record no. 121483)
[ view plain ]
| 000 -LEADER | |
|---|---|
| fixed length control field | 01152nam a22002057a 4500 |
| 008 - FIXED-LENGTH DATA ELEMENTS--GENERAL INFORMATION | |
| fixed length control field | 230510s2023 xxk||||| ||||o00| 0 eng d |
| 041 ## - LANGUAGE CODE | |
| Language code of text/sound track or separate title | eng |
| 110 ## - MAIN ENTRY--CORPORATE NAME | |
| Corporate author | Judiciary |
| 245 ## - TITLE STATEMENT | |
| Title | Practice Direction – Cases in the Property Chamber under Part 4A of the Electronic Communications Code |
| 260 ## - PUBLICATION INFORMATION | |
| Publisher | Courts & Tribunals Judiciary, |
| Date | 9 May 2023 |
| 490 ## - SERIES TITLE | |
| Series statement | Practice Direction |
| 520 ## - ABSTRACT | |
| Abstract | This Practice Direction relates to applications under paragraph 27D, Part 4A, of the Electronic Communications Code where the Applicant is seeking an order from the First-tier Tribunal (Property Chamber) imposing an agreement on an unresponsive owner of leasehold land. Form ECC1 is prescribed for the purposes of making an application under paragraph 27D of Part 4A. |
| 650 ## - KEYWORDS | |
| Keywords | ELECTRONIC COMMUNICATIONS CODE |
| 650 ## - KEYWORDS | |
| Keywords | PRACTICE DIRECTION |
| 650 ## - KEYWORDS | |
| Keywords | TELECOMMUNICATIONS |
| 651 ## - SUBJECT ADDED ENTRY--GEOGRAPHIC NAME | |
| Geographic name | United Kingdom |
| 690 ## - BROAD SUBJECT | |
| 9 (RLIN) | 6251 |
| Broad subject | Land use |
| 856 ## - ONLINE RESOURCE | |
| Uniform Resource Identifier | <a href="https://www.judiciary.uk/guidance-and-resources/practice-direction-cases-in-the-property-chamber-under-part-4a-of-the-electronic-communications-code/">https://www.judiciary.uk/guidance-and-resources/practice-direction-cases-in-the-property-chamber-under-part-4a-of-the-electronic-communications-code/</a> |
| Public note | Available via judiciary.uk |
| 942 ## - ADDED ENTRY ELEMENTS (KOHA) | |
| Suppress in OPAC | Do not suppress in OPAC |
| Lost status | Damaged status | Not for loan | Home library | Current library | Shelving location | Date acquired | Total Checkouts | Full call number | Date last seen | Price effective from | Koha item type |
|---|---|---|---|---|---|---|---|---|---|---|---|
| Virtual | Virtual | Online | 10/05/2023 | ONLINE PUBLICATION | 10/05/2023 | 10/05/2023 | Online material |